Engineering Mechanics : (Record no. 12886)
[ view plain ]
| 000 -LEADER | |
|---|---|
| fixed length control field | 01396cam a22003977a 4500 |
| 001 - CONTROL NUMBER | |
| control field | 14095379 |
| 003 - CONTROL NUMBER IDENTIFIER | |
| control field | EG-ScBUE |
| 005 - DATE AND TIME OF LATEST TRANSACTION | |
| control field | 20210601154636.0 |
| 008 - FIXED-LENGTH DATA ELEMENTS--GENERAL INFORMATION | |
| fixed length control field | 050901s2010 njua f 001 0 eng d |
| 020 ## - INTERNATIONAL STANDARD BOOK NUMBER | |
| International Standard Book Number | 9810681356 |
| 020 ## - INTERNATIONAL STANDARD BOOK NUMBER | |
| International Standard Book Number | 9789810681357 |
| 020 ## - INTERNATIONAL STANDARD BOOK NUMBER | |
| International Standard Book Number | 9789810683955 |
| 035 ## - SYSTEM CONTROL NUMBER | |
| System control number | (CStRLIN)PASGA2867290-B |
| 035 ## - SYSTEM CONTROL NUMBER | |
| System control number | (PSt) (Sirsi) a2867290 |
| 040 ## - CATALOGING SOURCE | |
| Original cataloging agency | SISPL |
| Language of cataloging | eng |
| Description conventions | rda |
| Transcribing agency | SISPL |
| Modifying agency | PSt |
| -- | DLC |
| -- | EG-ScBUE |
| 082 04 - DEWEY DECIMAL CLASSIFICATION NUMBER | |
| Classification number | 620.103 |
| Item number | SCH |
| Edition number | 22 |
| 100 1# - MAIN ENTRY--PERSONAL NAME | |
| Personal name | Schiavone, Peter, |
| Relator term | author. |
| 9 (RLIN) | 18787 |
| 245 10 - TITLE STATEMENT | |
| Title | Engineering Mechanics : |
| Remainder of title | statics : statics study pack : chapter reviews, free-body diagram workbook, companion website / |
| Statement of responsibility, etc | Peter Schiavone, R.C. Hibbeler. |
| 250 ## - EDITION STATEMENT | |
| Edition statement | Twelfth edition. |
| 264 #1 - PUBLICATION, DISTRIBUTION, ETC. (IMPRINT) | |
| Place of publication, distribution, etc | Upper Saddle River, NJ : |
| Name of publisher, distributor, etc | Prentice Hall, |
| Date of publication, distribution, etc | 2010. |
| 300 6# - PHYSICAL DESCRIPTION | |
| Extent | 144 pages : |
| Other physical details | color illustrations ; |
| Dimensions | 24 cm |
| 336 ## - CONTENT TYPE | |
| Source | rdacontent |
| Content type term | text |
| Content type code | txt |
| 337 ## - MEDIA TYPE | |
| Source | rdamedia |
| Media type term | unmediated |
| Media type code | n |
| 338 ## - CARRIER TYPE | |
| Source | rdacarrier |
| Carrier type term | volume |
| Carrier type code | nc |
| 500 ## - GENERAL NOTE | |
| General note | Includes index. |
| 650 #7 - SUBJECT ADDED ENTRY--TOPICAL TERM | |
| Topical term or geographic name as entry element | Mechanics, Applied. |
| Source of heading or term | BUEsh |
| 9 (RLIN) | 9264 |
| 650 #7 - SUBJECT ADDED ENTRY--TOPICAL TERM | |
| Topical term or geographic name as entry element | Statics. |
| Source of heading or term | BUEsh |
| 9 (RLIN) | 9265 |
| 650 #7 - SUBJECT ADDED ENTRY--TOPICAL TERM | |
| Topical term or geographic name as entry element | Dynamics. |
| Source of heading or term | BUEsh |
| 9 (RLIN) | 9266 |
| 651 ## - SUBJECT ADDED ENTRY--GEOGRAPHIC NAME | |
| Source of heading or term | BUEsh |
| 653 ## - INDEX TERM--UNCONTROLLED | |
| Arrived date list | October2011 |
| Resource For college | Generalities |
| 655 ## - INDEX TERM--GENRE/FORM | |
| Form subdivision | Reading book |
| 9 (RLIN) | 34232 |
| 700 1# - ADDED ENTRY--PERSONAL NAME | |
| 9 (RLIN) | 10021 |
| Personal name | Hibbeler, R. C., |
| Relator term | author. |
| 942 ## - ADDED ENTRY ELEMENTS (KOHA) | |
| Source of classification or shelving scheme | Dewey Decimal Classification |
| Koha item type | NB - Book (Non borrowing) |
| Withdrawn status | Lost status | Source of classification or shelving scheme | Damaged status | Not for loan | Collection code | Home library | Current library | Shelving location | Date acquired | Source of acquisition | Total Checkouts | Full call number | Barcode | Date last seen | Price effective from | Koha item type | Total Renewals | Date checked out |
|---|---|---|---|---|---|---|---|---|---|---|---|---|---|---|---|---|---|---|
| Dewey Decimal Classification | Baccah | Central Library | Central Library | First floor | 09/11/2009 | 620.103 HIB | 000018972 | 15/07/2025 | 09/11/2009 | NB - Book (Non borrowing) | ||||||||
| Dewey Decimal Classification | Baccah | Central Library | Central Library | First floor | 09/11/2009 | 3 | 620.103 HIB | 000018973 | 15/07/2025 | 09/11/2009 | Book - Borrowing | 3 | 24/11/2015 | |||||
| Dewey Decimal Classification | Baccah | Central Library | Central Library | First floor | 22/03/2011 | 3 | 620.103 HIB | 000023074 | 15/07/2025 | 22/03/2011 | Book - Borrowing | 2 | 11/11/2019 | |||||
| Dewey Decimal Classification | Baccah | Central Library | Central Library | First floor | 22/03/2011 | 4 | 620.103 HIB | 000023072 | 15/07/2025 | 22/03/2011 | Book - Borrowing | 4 | 11/01/2017 | |||||
| Dewey Decimal Classification | Baccah | Central Library | Central Library | First floor | 22/03/2011 | 1 | 620.103 HIB | 000023073 | 15/07/2025 | 22/03/2011 | Book - Borrowing | 9 | 19/11/2014 | |||||
| Dewey Decimal Classification | Baccah | Central Library | Central Library | First floor | 22/03/2011 | 3 | 620.103 HIB | 000023075 | 15/07/2025 | 22/03/2011 | Book - Borrowing | 10 | 24/10/2018 | |||||
| Dewey Decimal Classification | Baccah | Central Library | Central Library | First floor | 11/10/2011 | 1 | 620.103 HIB | 000025276 | 15/07/2025 | 11/10/2011 | Book - Borrowing | 2 | 08/11/2014 | |||||
| Dewey Decimal Classification | Baccah | Central Library | Central Library | First floor | 01/06/2021 | Purchase | 620.103 SCH | 000050284 | 15/07/2025 | 01/06/2021 | NB - Book (Non borrowing) |